000 00561nam a2200241 a 4500
001 nice12345678
003 IN_TiNIC
005 20260116012402.0
008 050524s1990 bana grp 000 0 eng
020 _a
_c40
082 0 0 _a181.4
_bTHO
100 _aThompson, Frank
245 _aNew Look at Aurobindo
260 _aBangalore
_bCISRS
_c1990
300 _a106p
500 _aincludes index and biblioraphy
505 2 _aIndex
650 _aPhilosophy-Aurobindo
700 1 _aThompson, Frank
902 _bSRS
942 _cBK
999 _c6803
_d6803